01097nam a2200205 a 450000100100000000500170001000800410002702000140006824501170008226001700019930000290036949000840039850000210048271001050050371000610060883000870066995201050075699900170086104000130087800003939420201002031629.0130625s1989 sp 000 0 spa d a84006993500aGlosas marginales de Vetus Latina en biblias vulgatas españolas :b1-2 Macabeos /cCiriaca Morano Rodríguez. aMadrid :bInstituto de Filología,(C.S.I.C.,)bDepartamento de Filología Bíblica y de Oriente AntiguobConsejo Superior de Investigación Científicas,c1989. aLXXXIII, 57 p. ;c24 cm.1 aTextos y estudios Cardenal Cisneros : de la Biblia Políglota Matritense ;v48 aIncluye índice2 aInstituto de Filología del CSIC, Departamento de Filología Bíblica y de Oriente Antiguo9655652 aConsejo Superior de Investigación Científicas963831 0aTextos y estudios Cardenal Cisneros de la biblia políglota matritensev48915280 001050718MOaGRbGRcCTd2013-06-25iLF1l0o p39394-10r2020-06-25w2020-06-25y1ZNo se presta c38884d38884 aDO-SdBNP